000 00690 a2200229 4500
005 20260327150750.0
008 260327b |||||||| |||| 00| 0 eng d
020 _a9789393998743 (hbk)
037 _cTB
040 _aCRL
_cCRL
041 _2URD
_aURD
084 _aO168,3M93,KS R5
_bCRL
100 _aAnis Ashfaq
_91115187
245 _aKhwab sarab
260 _aDelhi, India:
_bArshia Publications,
_c2025.
300 _a456p.
365 _b750.00
_cINR
650 _aUrdu Liteature
_91131572
650 _aUrdu Fiction
942 _cTB
_2CC
_hO168,3M93,KS R5
999 _c1679299
_d1679299